Lagunas, Ciénagas y playones / (Registro nro. 17652)

Detalles MARC
000 -CABECERA
Campo de control 01669nab a22003017a 4500
005 - FECHA Y HORA DE LA ULTIMA TRANSACCION
Campo de control 20150806112125.0
008 - ELEMENTOS DE LONGITUD FIJA—INFORMACION GENERAL
Campo de control 150806b1979 ck |||||r|||| 00| 0 spa d
040 ## - FUENTE DE CATALOGACIÓN
Agencia catalogadora original CO-BoIAVH
Agencia transcriptora CO-BoIAVH
041 0# - IDIOMA
Código de idioma para texto/pista de sonido o título separado Español
044 ## - PAÍS DE PUBLICACIÓN
País de publicación Colombia
110 1# - ASIENTO PRINCIPAL--NOMBRE CORPORATIVO
Nombre corporativo o de jurisdicción como elemento de entrada Universidad del Tolima
Unidad subordinad , Grupo ecológico
245 1# - MENCION DE TITULO
Título Lagunas, Ciénagas y playones /
Mención de responsabilidad Emilio Echeverri de la Roche... [et al]
260 3# - PUBLICACION, DISTRIBUCION, ETC. (PIE DE IMPRENTA)
Lugar de publicación, distribución, etc. Ibagué (Colombia):
Nombre del editor, distribuidor, etc. Centro de publicaciones Universidad del Tolima,
Fecha de publicación, distribución, etc. 1979.
300 ## - DESCRIPCION FISICA
Extensión Vol.3, Nro. 27, Año 1979, Pag. 1-2.
504 ## - NOTA DE BIBLIOGRAFIA, ETC.
Nota de bibliografía Incluye bibliografía.
505 ## - NOTA DE CONTENIDO
Nota de contenido En la ciénaga Marañal [Boyacá]: una desecación criminal.<br/>La laguna de Sonso [Valle del Cauca]: Muere por sedimentación.<br/>En la ciénaga de Martiníca [Córdoba]: los propietarios sacrifican a la comunidad.<br/>Si muere la Ciénaga de Zapatosa... Muere Barranquilla
520 ## - NOTA DE RESUMEN, ETC.
Nota de resumen El innegable y conocido el papel de los lagos, ciénagas, pantanos y playones en la regularización del volumen de aguas de los ríos, en la estabilización del clima, en las comunicaciones, en riqueza ícita, como zoocriaderos naturales y como retenedores de sedimientos.
650 #6 - ASIENTO SECUNDARIO DE MATERIA - TERMINO TEMATICO
Término temático o nombre geográfico como elemento de entrada Ciénagas
Subdivisión geográfica Colombia
650 #6 - ASIENTO SECUNDARIO DE MATERIA - TERMINO TEMATICO
Término temático o nombre geográfico como elemento de entrada Ecología de ciénagas.
Subdivisión geográfica Colombia
650 #6 - ASIENTO SECUNDARIO DE MATERIA - TERMINO TEMATICO
Término temático o nombre geográfico como elemento de entrada Lagunas
Subdivisión geográfica Colombia
650 #4 - ASIENTO SECUNDARIO DE MATERIA - TERMINO TEMATICO
Término temático o nombre geográfico como elemento de entrada Playones
Subdivisión geográfica Colombia
700 1# - ASIENTO SECUNDARIO - NOMBRE PERSONAL
Nombre personal Echeverry De La Roche, Emilio
700 1# - ASIENTO SECUNDARIO - NOMBRE PERSONAL
Nombre personal Granados Díaz, Humberto
700 1# - ASIENTO SECUNDARIO - NOMBRE PERSONAL
Nombre personal Ramírez Cuervo, Libardo
700 1# - ASIENTO SECUNDARIO - NOMBRE PERSONAL
Nombre personal Sánchez M., Vicente A.
773 0# - Item fuente:
Asiento principal Universidad del Tolima
Lugar, editorial y fecha de publicación Ibagué (Colombia): Centro de publicaciones de la Universidad del Tolima, 1977.
Título SOS ecológico
942 ## - ELEMENTOS ADICIONALES (KOHA)
Sistema de clasificación Local
Tipo de ítem Artículo

No hay ítems disponibles.